| 000 | 003270000a22001330004500 | ||
|---|---|---|---|
| 003 | MACL | ||
| 040 | _aMACL | ||
| 090 |
_c38597 _d38595 |
||
| 100 | _aMahan, A T | ||
| 245 |
_aThe Problem of Asia _bAnd Its Effect upon International Policies |
||
| 260 |
_bMarston & Company Ltd _c1900 |
||
| 650 | _aHistory | ||
| 942 |
_cBOOK _k950/MAH |
||
| 999 |
_c38182 _d38182 |
||